Télévision : Autour de N'oubliez pas les paroles - Statistiques

Statistiques générales
  • Ce quiz a été pris 152 fois
    72 depuis la dernière actualisation
  • Le résultat moyen est 21 sur 65
Statistiques - réponses
Indices Réponses % Correct
PRESENTATEURS/TRICES Depuis 2007 Nagui
69%
CELEBRITES AYANT GAGNE 100000 EUROS Chanteur - Sunlight - Non-voyant Gilbert Montagné
68%
VERSION MAESTRO 1ère manche, nombre de mots minimum à retrouver 2
63%
VERSION MAESTRO Nombre de points en jeu pour 2 mots 10
61%
CELEBRITES AYANT PARTICIPE 4 OU 5 FOIS Québec - Chanteuse - Mourir demain Natasha St Pier
58%
VERSION MAESTRO 3e manche, gain pour la découverte de 4 ou 5 mots (en €) 2000
56%
VERSION MAESTRO 3e manche, nombre de paliers 5
56%
VERSION CLASSIQUE Nombre de jokers après juillet 2011 4
53%
VERSION MAESTRO Nom donné au vainqueur Maestro
53%
CELEBRITES AYANT GAGNE 100000 EUROS Chanteuse - Il avait les mots - Popstars Sheryfa Luna
53%
VERSION CLASSIQUE 2e palier (en €) 20000
51%
VERSION MAESTRO 3e manche, gain pour la découverte de 13 à 18 mots (en €) 20000
51%
VOIX-OFF Surnom Cruella
51%
MUSICIENS en 2024 Chanteuse Magali
51%
PRESENTATEURS/TRICES 31 décembre 2018 Magali
51%
VERSION CLASSIQUE Nombre de jokers avant juillet 2011 3
49%
VERSION MAESTRO 3e manche, gain pour la découverte de 6 à 8 mots (en €) 5000
47%
PODIUM AU 1ER JUILLET 2024 1 Margaux
47%
CELEBRITES AYANT PARTICIPE 4 OU 5 FOIS Animatrice - D&CO - Fort Boyard Valérie Damidot
47%
VERSION MAESTRO Nombre de points en jeu pour 6 ou 7 mots 40
44%
VERSION MAESTRO 1ère manche, nombre de mots maximum à retrouver 9
44%
VERSION MAESTRO Phrase verrouillant la réponse Je bloque les paroles
42%
MUSICIENS en 2024 Percussionniste et chanteur Fabien
39%
EMISSIONS SPECIALES 31 octobre Halloween
37%
VERSION MAESTRO Nom de la 2e manche La même chanson
37%
EMISSIONS SPECIALES 14 février St Valentin
37%
PODIUM AU 1ER JUILLET 2024 3 Caroline
36%
GRANDES DATES Année de création aux Etats-Unis 2007
34%
VERSION MAESTRO Nom donné au candidat le défiant Challenger
34%
PODIUM AU 1ER JUILLET 2024 2 Laurens
34%
VERSION CLASSIQUE Somme maximale gagnée (en €) 100000
32%
GRANDES DATES Passage à la version Maestro 2013
29%
CELEBRITES AYANT GAGNE 100000 EUROS Chanteuse - Star Académy - Mask Singer Elodie Frégé
29%
MUSICIENS en 2024 Violoniste Karen
29%
EMISSIONS SPECIALES Réunissant les meilleurs candidats Masters
29%
PRESENTATEURS/TRICES 1er avril 2022 (homme) Olivier Minne
29%
MUSICIENS en 2024 Batteur Pierre
29%
MUSICIENS en 2024 Choriste Jessie
27%
VERSION MAESTRO Nom de la 3e manche La finale
27%
MUSICIENS en 2024 Trompettiste Alexis
25%
CELEBRITES AYANT PARTICIPE 4 OU 5 FOIS Chanteuse - ND de Paris - Fragile Julie Zenatti
24%
MUSICIENS en 2024 Choriste Nathalie
22%
MUSICIENS en 2024 Saxophoniste et flûtiste Julien
20%
MUSICIENS en 2024 Bassiste Maurice
20%
VERSION CLASSIQUE Somme minimale gagnée (en €) 250
19%
PRESENTATEURS/TRICES 1er avril 2022 (femme) Sidonie Bonnec
19%
MUSICIENS en 2024 Choriste (homme) Emmanuel
17%
MUSICIENS en 2024 Pianiste François
17%
MUSICIENS en 2024 Guitariste Christian
15%
EMISSIONS SPECIALES Recherche sur le SIDA Sidaction
15%
VERSION CLASSIQUE Nom du joker permutation Switch
15%
GRANDES DATES Année de création en France 2017
14%
MUSICIENS en 2024 Guitariste Jean-Luc
12%
EMISSIONS SPECIALES Meilleurs candidats par équipe Tournoi des maestros
12%
VERSION CLASSIQUE 1er palier (en €) 2500
10%
EMISSIONS SPECIALES 1er janvier Jour de l'an
10%
VERSION CLASSIQUE Nom du joker "mot" 2 mots
8%
VERSION CLASSIQUE Nom du joker "phrase" 3 phrases
7%
CELEBRITES AYANT GAGNE 100000 EUROS Humoriste - Tout le monde a son mot à dire - Le Grand Concours Arnaud Gidoin
7%
EMISSIONS SPECIALES Pendant le festival de Cannes Cinéma
7%
MUSICIENS en 2024 Tromboniste Michael
7%
CELEBRITES AYANT GAGNE 100000 EUROS Comédienne - Mot de passe - Pédale dure Nathalie Corré
7%
VERSION CLASSIQUE Nom du joker "ami" Choeurs
5%
CELEBRITES AYANT PARTICIPE 4 OU 5 FOIS Actrice - Ca dépend - Le roi danse Claire Keim
5%
CELEBRITES AYANT GAGNE 100000 EUROS Acteur - Réalisateur - Un prince (presque) charmant Philippe Lellouche
5%
Aucun quiz correspondant
Distribution des résultats
% des personnes avec chaque résultat
Percentile par nombre de réponses
Votre historique - résultats
Vous n’avez pas pris ce quiz depuis la dernière actualisation